000 00335nam a22001577a 4500
003 Macl
005 20241022133747.0
008 241022b |||||||| |||| 00| 0 eng d
040 _cMacl
082 _a100
100 _aOsho
_918534
245 _aI am that
260 _aDelhi
_bJaico
_c2024
650 _aPhilosophy
942 _2ddc
_cBK
999 _c67426
_d67426